Focus (Record no. 83815)
[ view plain ]
| 000 -LEADER | |
|---|---|
| fixed length control field | 01213cam a22002535a 4500 |
| 001 - CONTROL NUMBER | |
| control field | L155116 |
| 008 - FIXED-LENGTH DATA ELEMENTS--GENERAL INFORMATION | |
| fixed length control field | 120302e20120225xxk 000 0 eng d |
| 035 ## - SYSTEM CONTROL NUMBER | |
| System control number | (Sirsi) u155116 |
| 041 0# - LANGUAGE CODE | |
| Language code of text/sound track or separate title | eng |
| 100 1# - MAIN ENTRY--PERSONAL NAME | |
| Personal name | Elghamry, Nadia |
| 245 00 - TITLE STATEMENT | |
| Title | Focus |
| Remainder of title | East of England |
| 260 ## - PUBLICATION, DISTRIBUTION, ETC. | |
| Date of publication, distribution, etc. | 2012 |
| 490 ## - SERIES STATEMENT | |
| Series statement | Estates Gazette |
| Volume/sequential designation | (1208) 25 February 2012, 69-89(16) |
| 520 ## - SUMMARY, ETC. | |
| Summary, etc. | Agents, developers and occupiers give their views on the Cambridge office market which appears to be recession-free with its unprecedent take up, rising rents, low supply and high demand. Assesses the impact the downsizing of the pharmaceutical industry and the tendency towards outsourcing is having on the science park market. Compares retail markets in Cambridge, Norwich and Ipswich. Looks at the impact enterprise zones are having on towns such as Lowestoft and Great Yarmouth. Market health check compares vacancy rates and prime total returns between Norwich, Ipswich, Cambridge and Peterborough. |
| 590 ## - LOCAL NOTE (RLIN) | |
| Local note | KA |
| 651 #4 - SUBJECT ADDED ENTRY--GEOGRAPHIC NAME | |
| Geographic name | Cambridgeshire |
| 651 #4 - SUBJECT ADDED ENTRY--GEOGRAPHIC NAME | |
| Geographic name | Suffolk |
| 651 #4 - SUBJECT ADDED ENTRY--GEOGRAPHIC NAME | |
| Geographic name | Norfolk |
| 690 ## - LOCAL SUBJECT ADDED ENTRY--TOPICAL TERM (OCLC, RLIN) | |
| Topical term or geographic name as entry element | Commercial property |
| 9 (RLIN) | 6227 |
| 700 1# - ADDED ENTRY--PERSONAL NAME | |
| Personal name | Simmons, Mark |
| 700 1# - ADDED ENTRY--PERSONAL NAME | |
| Personal name | Smulian, Mark |
| 700 1# - ADDED ENTRY--PERSONAL NAME | |
| Personal name | Meadwell, Stacey |
| 942 ## - ADDED ENTRY ELEMENTS (KOHA) | |
| Suppress in OPAC | 0 |
| Withdrawn status | Lost status | Source of classification or shelving scheme | Damaged status | Not for loan | Home library | Current library | Shelving location | Date acquired | Total Checkouts | Full call number | Barcode | Date last seen | Copy number | Price effective from | Koha item type |
|---|---|---|---|---|---|---|---|---|---|---|---|---|---|---|---|
| Dewey Decimal Classification | London | London | Journal article | 02/03/2012 | L155116 | 155116-1001 | 06/08/2019 | 1 | 06/08/2019 | Journal article |